| 000 | 00000nam##2200000za#4500 |
| 001 | 9.641189 |
| 003 | CaOODSP |
| 005 | 20210624223057 |
| 007 | cr ||||||||||| |
| 008 | 150407|2009||||xxc|||||o f|0| 0 fre|d |
| 040 | |aCaOODSP|bfre |
| 043 | |an-cn--- |
| 086 | 1 |aFs23-588/1-2009F-PDF |
| 110 | 1 |aCanada. |bMinistère des pêches et des océans. |
| 245 | 10|aAtelier d'experts sur la responsabilité des Étas du pavillon : |h[ressource électronique]|bévaluer le rendement et agir, 25–28 mars 2008, Vancouver (Canada) |
| 260 | |aOttawa - Ontario : |bPêches et Océans Canada |c[Février 2009]. |
| 500 | |a«Le présent rapport présente les résultats de ces discussions. Les participants prépareront également un « document d'orientation » qui sera utilisé dans les processus de la FAO.»--Page 5 de 25, Introduction. |
| 590 | |a13-02-Supp|b2013-01-11 |
| 775 | 08|tExpert Workshop on Flag State Responsibilities : |w(CaOODSP)9.697068 |
| 856 | 40|ahttp://publications.gc.ca|qPDF|s253 Ko|uhttps://publications.gc.ca/collections/collection_2013/mpo-dfo/Fs23-588-1-2009-fra.pdf |